Online Catalogue and eLibrary

A break in the circle (Record no. 4988)

MARC details
000 -LEADER
fixed length control field 00401nam a2200169Ia 4500
005 - DATE AND TIME OF LATEST TRANSACTION
control field 20240827041534.0
008 - FIXED-LENGTH DATA ELEMENTS--GENERAL INFORMATION
fixed length control field 240331s9999 xx 000 0 und d
020 ## - INTERNATIONAL STANDARD BOOK NUMBER
ISBN 9788172239312
082 ## - DDC Classification
Item Number - Author Mark KAN
Class No. 800
100 ## - MAIN ENTRY--PERSONAL NAME
Personal name Kantha,S
245 #2 - TITLE STATEMENT
Title A break in the circle
260 ## - PUBLICATION, DISTRIBUTION, ETC.
Place of publication, distribution, etc. India
Name of publisher, distributor, etc. HarperCollins Publishers
Date of publication, distribution, etc. 2010
300 ## - PHYSICAL DESCRIPTION
Extent (e.g. Volumes, Pages etc.) 195 p .,
650 ## - SUBJECT ADDED ENTRY--TOPICAL TERM
Topical term or geographic name entry element mysterious
650 ## - SUBJECT ADDED ENTRY--TOPICAL TERM
Topical term or geographic name entry element Stories
942 ## - Koha item type (Biblio)
Koha item type Books in Stacks (Lending)
Holdings
Lost status Damaged status Collection code Home library Current library Shelving location Date acquired Full call number Accession Number Item type
    Lending WERC Library WERC Library Social Science Cupboard 03/31/2024 800 KAN 6598 Books in Stacks (Lending)

© WERC Library